000 00657nam a22002171 4500
999 _c5464
_d5464
001 2636811
003 GBCCL
005 20241126110542.0
008 790809s1948 paua j 000 0 eng
010 _a 48006037
040 _aDLC
_cDLC
_dDLC
050 0 0 _aBT302
_b.L28
082 0 0 _a232.9
_bLEA
100 1 _aLangford, Norman F.,
_d1914-
_99813
245 1 4 _aThe King nobody wanted;
_cillus. by John Lear.
260 _aPhiladelphia,
_bWestminster Press
_c[1948]
300 _a192 p.
_billus. (part col.)
_c21 cm.
600 0 0 _aJesus Christ
_xBiography.
_xJuvenile literature.
_99814
906 _a7
_bcbc
_corignew
_du
_eocip
_f19
_gy-gencatlg
942 _2ddc
_cBK